Pravidlo o obmedzení zahrnutia úrokov do základu dane z príjmov

Smernica Rady EÚ 2016/1164 z 12. júla 2016, ktorou sa stanovujú pravidlá proti praktikám vyhýbania sa daňovým povinnostiam, ktoré majú priamy vplyv na fungovanie vnútorného trhu (smernica ATAD). Transponovanie povinností vyplývajúcich zo smernice do slovenskej legislatívy, a to predovšetkým do zákon...

Descripción completa

Guardado en:
Detalles Bibliográficos
Autor principal: Šlosárová, Anna
Formato: Capítulo de libro
Lenguaje:eslovaco
Materias:
Etiquetas: Agregar Etiqueta
Sin Etiquetas, Sea el primero en etiquetar este registro!

MARC

LEADER 00000naa$a2200000$$$4500
001 0249079
005 20240502074001.5
041 0 |a slo 
044 |a SK 
245 1 0 |a Pravidlo o obmedzení zahrnutia úrokov do základu dane z príjmov  |c Anna Šlosárová 
520 |a Smernica Rady EÚ 2016/1164 z 12. júla 2016, ktorou sa stanovujú pravidlá proti praktikám vyhýbania sa daňovým povinnostiam, ktoré majú priamy vplyv na fungovanie vnútorného trhu (smernica ATAD). Transponovanie povinností vyplývajúcich zo smernice do slovenskej legislatívy, a to predovšetkým do zákona NR SR č. 595/2003 Z. z. o dani z príjmov v znení neskorších predpisov. Vysvetlenie podstaty výpočtu ukazovateľa EBITDA na rôzne účely, s cieľom poukázať na jeho špecifické chápanie v prípade uplatňovania pravidla o obmedzení úrokov, ktoré vstupujú do základu dane z príjmov účtovnej jednotky – daňovníka. Komparácia interpretácií ukazovateľa EBITDA. 
610 2 0 |a smernice 
610 2 0 |a legislatíva 
610 2 0 |a dane z príjmov 
610 2 0 |a kapitalizácia 
610 2 0 |a úrok 
610 2 0 |a základ dane 
610 2 0 |a jednotka účtovná 
610 2 0 |a analýza finančná 
100 1 |a Šlosárová, Anna